[Event "4th Prague Masters 2022"]
[Site "Prague CZE"]
[Date "2022.06.13"]
[Round "5.3"]
[White "Le, Quang Liem"]
[Black "Anton Guijarro, David"]
[Result "1/2-1/2"]
[WhiteTitle "GM"]
[BlackTitle "GM"]
[WhiteElo "2709"]
[BlackElo "2692"]
[WhiteFideId "12401137"]
[BlackFideId "2285525"]
[EventDate "2022.06.08"]

1. d4 Nf6 2. c4 e6 3. Nf3 d5 4. Nc3 c6 5. Bg5 h6 6. Bxf6 Qxf6 7. e3 Nd7 8. Bd3
dxc4 9. Bxc4 g6 10. O-O Bg7 11. Re1 O-O 12. e4 e5 13. d5 Nb6 14. Bb3 Rd8 15. h3
a5 16. Rc1 Bd7 17. a3 a4 18. Ba2 h5 19. Qe2 Bh6 20. Rc2 h4 21. dxc6 Bxc6 22. Nd5
Nxd5 23. exd5 Bxd5 24. Bxd5 Rxd5 25. Nxe5 Bg7 26. Nf3 b5 27. Rd1 Rxd1+ 28. Qxd1
Rd8 29. Qe2 Qf4 30. Kf1 Rb8 31. Qd2 Qe4 32. Qe2 Qb7 33. Qd2 Qe7 34. Qe2 Qf6 35.
Ne1 Qd6 36. Rd2 Qc7 37. Rc2 Qd6 38. Rd2 Qf4 39. Qe3 Qc4+ 40. Qd3 Qf4 41. Qe3
Qc4+ 42. Qd3 Qc1 43. Qc2 Qa1 44. Re2 Rd8 45. Qc6 Bxb2 46. Qxb5 Bc3 47. Qxa4 Rd1
48. Qe8+ Kg7 49. a4 Qb1 50. g4 Qb7 51. Qe4 Qxe4 52. Rxe4 f5 53. gxf5 gxf5 54.
Re3 Bb4 55. f4 Ra1 56. Re2 Bd6 57. Rf2 Kf6 58. Ke2 Rxa4 59. Ng2 Ra2+ 60. Kf1
Ra1+ 61. Ke2 Bc5 62. Rf3 Ra2+ 63. Kf1 Ra1+ 64. Ke2 Ra2+ 65. Kf1 Ra1+ 1/2-1/2

[Event "4th Prague Masters 2022"]
[Site "Prague CZE"]
[Date "2022.06.13"]
[Round "5.4"]
[White "Vidit, Santosh Gujrathi"]
[Black "Maghsoodloo, Parham"]
[Result "1/2-1/2"]
[WhiteTitle "GM"]
[BlackTitle "GM"]
[WhiteElo "2723"]
[BlackElo "2716"]
[WhiteFideId "5029465"]
[BlackFideId "12539929"]
[EventDate "2022.06.08"]

1. Nf3 c5 2. c4 Nc6 3. d4 cxd4 4. Nxd4 Qb6 5. e3 Nf6 6. Nc3 g6 7. Be2 Bg7 8. O-O
O-O 9. b3 d5 10. Nxc6 bxc6 11. Bb2 Rd8 12. Na4 Qc7 13. Qc1 Qb8 14. Qc3 Bf5 15.
Rfd1 Ne8 16. Qa5 Bxb2 17. Nxb2 Nf6 18. Rac1 Qe5 19. Qc3 Qxc3 20. Rxc3 e5 21. f3
d4 22. exd4 exd4 23. Rcc1 c5 24. g4 Be6 25. Nd3 Rac8 26. Kf2 a5 27. a3 Nd7 28.
Rd2 a4 29. bxa4 Nb6 30. a5 Na4 31. Bd1 Nc3 32. Bb3 Rd7 33. a6 Kf8 34. Re1 Ke7
35. f4 Kd6 36. f5 gxf5 37. gxf5 Bxf5 38. Nxc5 Rxc5 39. Rxd4+ Kc7 40. Rxd7+ Kxd7
41. a7 Ne4+ 42. Ke3 Ra5 43. Rd1+ Ke6 44. c5+ Ke5 45. Rd5+ Kf6 46. Bc2 Ng3 47.
Rd6+ Ke7 48. Bd1 Ne4 49. Bf3 Nxc5 50. Rd5 Rxa3+ 51. Ke2 Ne6 52. Rxf5 Nd4+ 53.
Kf2 Ra2+ 54. Kf1 Rxa7 55. Rf4 Ra1+ 56. Kf2 Ra2+ 57. Kg3 Rd2 58. Bh5 f5 59. Rh4
Kf6 60. Be8 Kg7 61. Kf4 Re2 62. Bh5 Re4+ 63. Kg3 Kh6 64. Bd1+ Kg5 65. Rxh7 Re1
66. Bh5 f4+ 67. Kf2 Rc1 68. Rd7 Rc2+ 69. Ke1 Nf5 70. Be2 Ne3 71. h3 Rc1+ 72. Kf2
Rh1 73. Bg4 Rf1+ 74. Ke2 Kh4 75. Rg7 Rg1 76. Kf3 1/2-1/2

[Event "4th Prague Masters 2022"]
[Site "Prague CZE"]
[Date "2022.06.13"]
[Round "5.5"]
[White "Vallejo Pons, Francisco"]
[Black "Shankland, Sam"]
[Result "1/2-1/2"]
[WhiteTitle "GM"]
[BlackTitle "GM"]
[WhiteElo "2703"]
[BlackElo "2718"]
[WhiteFideId "2205530"]
[BlackFideId "2004887"]
[EventDate "2022.06.08"]

1. e4 e5 2. Nf3 Nc6 3. Nc3 Nf6 4. g3 d5 5. exd5 Nxd5 6. Bg2 Nxc3 7. bxc3 Bd6 8.
O-O O-O 9. d4 Bf5 10. Nh4 Bd7 11. Nf3 Bf5 12. Nh4 Bd7 13. Nf3 Bf5 1/2-1/2

[Event "4th Prague Masters 2022"]
[Site "Prague CZE"]
[Date "2022.06.14"]
[Round "6.1"]
[White "Le, Quang Liem"]
[Black "Salem, A.R. Saleh"]
[Result "1-0"]
[WhiteTitle "GM"]
[BlackTitle "GM"]
[WhiteElo "2709"]
[BlackElo "2679"]
[WhiteFideId "12401137"]
[BlackFideId "9301348"]
[EventDate "2022.06.08"]

1. Nf3 Nf6 2. c4 g6 3. Nc3 Bg7 4. e4 d6 5. d4 O-O 6. Be2 e5 7. d5 a5 8. Bg5 h6
9. Bh4 Na6 10. Nd2 Qe8 11. a3 Bd7 12. Qc2 Nc5 13. f3 Nh5 14. Bf2 f5 15. Bxc5
dxc5 16. O-O-O a4 17. Kb1 Qd8 18. exf5 gxf5 19. Rhe1 Nf4 20. Bf1 Ra6 21. g3 Ng6
22. Ka2 h5 23. Ndb1 e4 24. fxe4 f4 25. gxf4 Rxf4 26. Nb5 Be5 27. N1c3 Raf6 28.
Nxa4 Rf2 29. Be2 b6 30. Nac3 Rxh2 31. Na7 Rff2 32. Nc6 Bxc6 33. dxc6 Qf6 34. Nd5
Qg5 35. Qd3 Kh8 36. Kb3 h4 37. Ka4 Rf8 38. Rg1 Qh6 39. Rdf1 Bd4 40. Rxf8+ Nxf8
41. Rf1 Qxc6+ 42. Kb3 Ng6 43. Qf3 Qd6 44. Ka2 c6 45. Ne3 Bxe3 46. Qxe3 Kg7 47.
Rg1 Qe5 48. Qf3 Kh6 49. Qf7 Nf4 50. Qf8+ Kh7 51. Rd1 Nd5 52. Rf1 1-0

[Event "4th Prague Masters 2022"]
[Site "Prague CZE"]
[Date "2022.06.14"]
[Round "6.2"]
[White "Navara, David"]
[Black "Vidit, Santosh Gujrathi"]
[Result "1/2-1/2"]
[WhiteTitle "GM"]
[BlackTitle "GM"]
[WhiteElo "2681"]
[BlackElo "2723"]
[WhiteFideId "309095"]
[BlackFideId "5029465"]
[EventDate "2022.06.08"]

1. e4 e5 2. Nf3 Nf6 3. Nxe5 d6 4. Nf3 Nxe4 5. d4 d5 6. Bd3 Bd6 7. O-O O-O 8. c4
c6 9. cxd5 cxd5 10. Nc3 Re8 11. Re1 Nxc3 12. Rxe8+ Qxe8 13. bxc3 Nd7 14. Qb3 Nb6
15. Ba3 Bxa3 16. Qxa3 h6 17. h3 Be6 18. Rb1 Qf8 19. Qa5 Qc8 20. Ne5 Nd7 21. f4
b6 22. Qa3 Nxe5 23. fxe5 Qf8 24. Qxf8+ Kxf8 25. Kf2 Rc8 26. Rc1 Ke7 27. Ke3 f6
28. exf6+ Kxf6 29. h4 Ke7 30. Kd2 Rf8 31. Rf1 Rxf1 32. Bxf1 Kf6 33. Ke3 Bf5 34.
g3 Be6 35. Bg2 g5 36. a3 Ke7 37. hxg5 hxg5 38. Bf1 1/2-1/2

[Event "4th Prague Masters 2022"]
[Site "Prague CZE"]
[Date "2022.06.14"]
[Round "6.3"]
[White "Nguyen, Thai Dai Van"]
[Black "Harikrishna, Pentala"]
[Result "1/2-1/2"]
[WhiteTitle "GM"]
[BlackTitle "GM"]
[WhiteElo "2610"]
[BlackElo "2701"]
[WhiteFideId "358878"]
[BlackFideId "5007003"]
[EventDate "2022.06.08"]

1. e4 e5 2. Nf3 Nc6 3. Bb5 a6 4. Ba4 Nf6 5. O-O Be7 6. Re1 b5 7. Bb3 O-O 8. h3
d6 9. c3 Bb7 10. d4 Re8 11. Ng5 Rf8 12. Nf3 Re8 13. Nbd2 Bf8 14. a3 h6 15. Bc2
Nb8 16. b3 Nbd7 17. Bb2 g6 18. a4 Bg7 19. Bd3 c6 20. Qc2 Rc8 21. Bf1 Qc7 22.
axb5 axb5 23. b4 Nb6 24. dxe5 dxe5 25. c4 bxc4 26. Nxc4 Nfd7 27. Na5 Ba8 28.
Rec1 Re6 29. Qb3 Qd8 30. Qe3 Rb8 31. Nb3 Re8 32. Bc3 Bb7 33. Na5 Ba8 34. Nb3 Bb7
35. Rd1 Ra8 36. Rxa8 Qxa8 37. Na5 Qc8 38. Ra1 Qc7 39. Nxb7 Qxb7 40. Nd2 Ra8 41.
Ra5 c5 42. Rxa8+ Qxa8 43. bxc5 Na4 44. Bb4 Qc6 45. Bc4 Naxc5 46. Bd5 Qb6 47. Qc3
Bf8 48. Qc4 Qf6 49. Qb5 Nd3 50. Nf3 Nxb4 51. Qxd7 Nxd5 52. Qxd5 1/2-1/2

[Event "4th Prague Masters 2022"]
[Site "Prague CZE"]
[Date "2022.06.14"]
[Round "6.4"]
[White "Anton Guijarro, David"]
[Black "Shankland, Sam"]
[Result "1/2-1/2"]
[WhiteTitle "GM"]
[BlackTitle "GM"]
[WhiteElo "2692"]
[BlackElo "2718"]
[WhiteFideId "2285525"]
[BlackFideId "2004887"]
[EventDate "2022.06.08"]

1. e4 c5 2. Nf3 d6 3. d4 cxd4 4. Qxd4 Nf6 5. Nc3 Nc6 6. Qd3 Bd7 7. Nd5 e6 8.
Nxf6+ Qxf6 9. Be2 Be7 10. O-O Qg6 11. c3 O-O 12. Nd2 Rad8 13. f4 d5 14. f5 exf5
15. exf5 Qd6 16. Nb3 Bf6 17. Bf4 Be5 18. Bxe5 Nxe5 19. Qg3 Qf6 20. Qf2 b6 21.
Nd4 Rfe8 22. Rad1 h6 23. h3 Nc4 24. Bxc4 dxc4 25. Rde1 Bc6 26. Qf4 Ba8 27. Re3
Qg5 28. Qxg5 hxg5 29. Rfe1 Kf8 30. Kf2 Rxe3 31. Rxe3 Rd5 32. g4 Bb7 33. Kg3 f6
34. h4 gxh4+ 35. Kxh4 Kf7 36. Kg3 Bc8 37. Kf4 Bd7 38. Rh3 Kg8 39. a3 a5 40. Rh1
b5 41. g5 fxg5+ 42. Kxg5 Re5 43. Kf4 Rc5 44. Rg1 Kf7 45. Rg5 Rd5 46. Ke4 Rd6 47.
Rg2 Rh6 48. Ke5 Rh5 49. Kf4 Rh1 50. Ke5 Rh5 51. Kf4 Rh1 52. Ke4 Rh5 53. Ke5 Bxf5
54. Nxf5 g6 55. Rf2 Ke8 56. Ke4 gxf5+ 57. Rxf5 Rxf5 58. Kxf5 Kd7 59. Ke5 Kc6 1/2-1/2

[Event "4th Prague Masters 2022"]
[Site "Prague CZE"]
[Date "2022.06.14"]
[Round "6.5"]
[White "Maghsoodloo, Parham"]
[Black "Vallejo Pons, Francisco"]
[Result "1-0"]
[WhiteTitle "GM"]
[BlackTitle "GM"]
[WhiteElo "2716"]
[BlackElo "2703"]
[WhiteFideId "12539929"]
[BlackFideId "2205530"]
[EventDate "2022.06.08"]

1. e4 e6 2. d4 d5 3. e5 c5 4. c3 Nc6 5. Nf3 Bd7 6. Be2 Nge7 7. Na3 Nf5 8. Nc2
Be7 9. O-O cxd4 10. cxd4 O-O 11. g4 Nh6 12. h3 f6 13. exf6 Rxf6 14. Nce1 Rf8 15.
Nd3 Nf7 16. Be3 Bd6 17. Qd2 Kh8 18. Rac1 a5 19. Kg2 Qf6 20. Nc5 Bxc5 21. Rxc5
Nd6 22. Qd1 Be8 23. Bg5 Qg6 24. Bd3 Ne4 25. Be3 Qf6 26. Bxe4 dxe4 27. Ng5 Bg6
28. h4 h6 29. h5 Bxh5 30. Nxe4 Qg6 31. Ng5 hxg5 32. Rh1 Qe4+ 33. Kg3 Kg8 34.
Rxh5 Rad8 35. Qh1 Qxh1 36. Rxh1 Nxd4 37. Rxa5 Ne2+ 38. Kh2 Rd5 39. Rxd5 exd5 40.
Re1 Nf4 41. Kg3 Rc8 42. Rd1 Kf7 43. Kf3 Ke6 44. Rd4 Ke5 45. Rb4 Rh8 46. Bxf4+
gxf4 47. Rxb7 g5 48. a4 Rh1 49. a5 Ra1 50. Rb5 Kd4 51. b3 Ra2 52. Kg2 Ra3 53. b4
Ra4 54. Rb6 Kc4 55. a6 d4 56. b5 d3 57. Kf3 Ra1 58. Rd6 Kxb5 59. Rxd3 Kc6 60.
Ke4 Rxa6 61. Kf5 Ra5+ 62. Kf6 Kc7 63. Rd4 Rb5 64. f3 Ra5 65. Rd3 Rb5 66. Kg6 Re5
67. Rd4 Rc5 68. Kf6 Rb5 69. Re4 Kd6 70. Re6+ Kd7 71. Re5 Rb3 72. Kxg5 Rxf3 73.
Re4 Re3 74. Rxf4 Ke8 75. Kg6 Re7 76. g5 Ra7 77. Kh6 Rf7 78. Rxf7 Kxf7 79. Kh7 1-0

[Event "4th Prague Masters 2022"]
[Site "Prague CZE"]
[Date "2022.06.15"]
[Round "7.1"]
[White "Harikrishna, Pentala"]
[Black "Le, Quang Liem"]
[Result "1/2-1/2"]
[WhiteTitle "GM"]
[BlackTitle "GM"]
[WhiteElo "2701"]
[BlackElo "2709"]
[WhiteFideId "5007003"]
[BlackFideId "12401137"]
[EventDate "2022.06.08"]

1. d4 Nf6 2. c4 e6 3. Nc3 Bb4 4. e3 O-O 5. Bd3 d5 6. cxd5 exd5 7. Ne2 Re8 8. Bd2
Bd6 9. Qc2 Na6 10. a3 c5 11. f3 Nc7 12. O-O b6 13. Rad1 Ba6 14. Bxa6 Nxa6 15.
Kh1 Qc8 16. Qd3 Nc7 17. e4 dxe4 18. fxe4 cxd4 19. Nxd4 Qg4 20. Rxf6 gxf6 21. Nf5
Bf8 22. h3 Qg6 23. Nh4 Rad8 24. Qf3 Qg7 25. Nf5 Qg6 26. Nh4 Qg7 27. Nf5 Qg6 28.
Nh4 Qg7 1/2-1/2

[Event "4th Prague Masters 2022"]
[Site "Prague CZE"]
[Date "2022.06.15"]
[Round "7.2"]
[White "Vidit, Santosh Gujrathi"]
[Black "Nguyen, Thai Dai Van"]
[Result "1/2-1/2"]
[WhiteTitle "GM"]
[BlackTitle "GM"]
[WhiteElo "2723"]
[BlackElo "2610"]
[WhiteFideId "5029465"]
[BlackFideId "358878"]
[EventDate "2022.06.08"]

1. d4 d5 2. c4 dxc4 3. e4 e5 4. Nf3 Bb4+ 5. Nc3 Nf6 6. Nxe5 b5 7. f3 O-O 8. a4
c5 9. dxc5 Qa5 10. Bf4 Bxc3+ 11. bxc3 Qxc3+ 12. Kf2 Nh5 13. g3 Nxf4 14. gxf4 Nd7
15. Be2 Nxe5 16. fxe5 b4 17. Qd6 Be6 18. Rhc1 Qb2 19. Rab1 Qa2 20. Ra1 Qb2 21.
Rab1 Qa2 22. Ra1 Qb2 1/2-1/2

[Event "4th Prague Masters 2022"]
[Site "Prague CZE"]
[Date "2022.06.15"]
[Round "7.3"]
[White "Vallejo Pons, Francisco"]
[Black "Navara, David"]
[Result "1/2-1/2"]
[WhiteTitle "GM"]
[BlackTitle "GM"]
[WhiteElo "2703"]
[BlackElo "2681"]
[WhiteFideId "2205530"]
[BlackFideId "309095"]
[EventDate "2022.06.08"]

1. e4 e5 2. Nf3 Nc6 3. Bb5 Nf6 4. d3 Bc5 5. O-O Nd4 6. Nxd4 Bxd4 7. c3 Bb6 8.
Ba4 c6 9. Na3 O-O 10. Bg5 h6 11. Bh4 d5 12. exd5 cxd5 13. Re1 g5 14. Bg3 Bg4 15.
Qd2 e4 16. Bb3 Re8 17. Nb5 Nh5 18. dxe4 Nxg3 19. hxg3 a6 20. Nd4 dxe4 21. Re3
Qf6 22. Rae1 Rad8 23. Rxe4 Rxe4 24. Rxe4 Bf5 25. Re3 Bxd4 26. cxd4 Rxd4 27. Qc3
Qd8 28. Qe1 Kf8 29. Rf3 Bg6 30. Qe5 Kg8 31. Rf6 Kh7 32. f4 Rd7 33. fxg5 Re7 34.
Qf4 hxg5 35. Qf2 Kg7 36. Rf3 Qd6 37. Re3 Rc7 38. Re1 a5 39. Qe3 Qc5 40. Kf2 b5
41. g4 Kf6 42. a3 Qxe3+ 43. Rxe3 Rd7 44. Ke1 Rd4 45. Bd1 Bd3 46. Re8 Re4+ 47.
Rxe4 Bxe4 48. b4 axb4 49. axb4 Bxg2 50. Kf2 Bd5 51. Ke3 Ke5 52. Be2 Bc4 53. Bd1
Be6 54. Bf3 Bc8 55. Bd1 Bb7 56. Bc2 Bg2 57. Bd3 Bc6 58. Bc2 Bd7 59. Bd1 f6 60.
Be2 Bc6 61. Bd3 Bd7 62. Be2 Be6 63. Bf3 Bd7 64. Bd1 Bc6 65. Bc2 Bd7 66. Bd1 f5
67. gxf5 Kxf5 68. Kf3 Ke5 69. Be2 Be8 70. Kg3 Kf5 71. Bd3+ Kf6 72. Be2 Bd7 73.
Bd3 Ke5 74. Be2 Kd4 75. Bxb5 Bxb5 76. Kg4 Kc4 77. Kxg5 Kxb4 1/2-1/2

[Event "4th Prague Masters 2022"]
[Site "Prague CZE"]
[Date "2022.06.15"]
[Round "7.4"]
[White "Salem, A.R. Saleh"]
[Black "Anton Guijarro, David"]
[Result "1-0"]
[WhiteTitle "GM"]
[BlackTitle "GM"]
[WhiteElo "2679"]
[BlackElo "2692"]
[WhiteFideId "9301348"]
[BlackFideId "2285525"]
[EventDate "2022.06.08"]

1. d4 Nf6 2. c4 e6 3. Nf3 d5 4. Nc3 c6 5. Bg5 h6 6. Bxf6 Qxf6 7. e3 Nd7 8. Be2
Be7 9. O-O O-O 10. Qc2 g5 11. cxd5 exd5 12. Bd3 g4 13. Nd2 Nb6 14. Ne2 h5 15.
Ng3 Qg5 16. f4 Qh6 17. Nb3 Bd7 18. Nc5 Bxc5 19. dxc5 Nc8 20. Rae1 Ne7 21. Ne2
Rfe8 22. Nd4 Qf6 23. Re2 Kg7 24. Qc3 Ng8 25. Rfe1 Nh6 26. g3 Re7 27. e4 dxe4 28.
Rxe4 Rxe4 29. Rxe4 h4 30. Re5 hxg3 31. hxg3 Kf8 32. Nb5 Ng8 33. Nd6 Be6 34. Bf5
Bd5 35. Bxg4 b6 36. Bc8 Rxc8 37. Nxc8 Qh6 38. Rxd5 cxd5 39. Nd6 Qh5 40. cxb6
axb6 41. Qc8+ Kg7 42. Nf5+ Kh7 43. Qc2 Kg6 44. Ne3+ Kg7 45. Qf5 Qf3 46. Qg4+
Qxg4 47. Nxg4 Kg6 48. Kf2 Kf5 49. Kf3 Ke6 50. Ne5 Ne7 51. g4 f6 52. Nd3 f5 53.
g5 d4 54. a4 Kd5 55. Ne5 Kc5 56. g6 Kb4 57. g7 Ng8 58. Ke2 Kxa4 59. Kd3 1-0

[Event "4th Prague Masters 2022"]
[Site "Prague CZE"]
[Date "2022.06.15"]
[Round "7.5"]
[White "Shankland, Sam"]
[Black "Maghsoodloo, Parham"]
[Result "1-0"]
[WhiteTitle "GM"]
[BlackTitle "GM"]
[WhiteElo "2718"]
[BlackElo "2716"]
[WhiteFideId "2004887"]
[BlackFideId "12539929"]
[EventDate "2022.06.08"]

1. e4 c5 2. Nf3 d6 3. d4 cxd4 4. Nxd4 Nf6 5. Nc3 a6 6. h3 e5 7. Nb3 Be6 8. f4 b5
9. f5 Bc8 10. Bg5 Nbd7 11. a4 b4 12. Nd5 Bb7 13. Qf3 Bxd5 14. exd5 Be7 15. O-O-O
Qc7 16. g4 Nb6 17. Bd2 Rc8 18. Bd3 h6 19. h4 Nc4 20. g5 e4 21. Bxe4 Ne5 22. Qe2
Nxe4 23. Qxe4 Qc4 24. Qxc4 Rxc4 25. Na5 Rg4 26. f6 gxf6 27. gxh6 Bf8 28. Rdf1
Bxh6 29. Rxf6 Bxd2+ 30. Kxd2 Ke7 31. Rf5 Rd4+ 32. Ke2 Rxd5 33. Nc4 Ke6 34. Rf4
a5 35. Ne3 Rc5 36. Rhf1 Rh7 37. b3 Kd7 38. Rd1 Rh6 39. Rdd4 Re6 40. Kd2 Rc3 41.
Rf5 Re8 42. h5 Ke6 43. Rdf4 Rc5 44. Rf6+ Ke7 45. Rh6 Kd7 46. Rh7 Rg8 47. h6 Ke6
48. Rg7 Rxg7 49. hxg7 Rc8 50. Nf5 Rg8 51. Ke3 f6 52. Rf1 Ng6 53. Nd4+ Kf7 54.
Nf5 Ke6 55. Kd4 Ne7 56. Re1+ Kxf5 57. Rxe7 Kg6 58. Ra7 f5 59. Rxa5 Rxg7 60. Rd5
Re7 61. Rxd6+ Kg5 62. Kc5 f4 63. Kxb4 f3 64. Rd1 Rb7+ 65. Ka5 Kf4 66. b4 Ra7+
67. Kb5 Rb7+ 68. Kc5 f2 69. a5 Ke3 70. Rf1 Rc7+ 71. Kb6 Rxc2 72. a6 Ke2 73.
Rxf2+ Kxf2 74. b5 Ke3 75. Ka7 Rc8 76. b6 1-0

[Event "4th Prague Masters 2022"]
[Site "Prague CZE"]
[Date "2022.06.16"]
[Round "8.1"]
[White "Le, Quang Liem"]
[Black "Vidit, Santosh Gujrathi"]
[Result "1/2-1/2"]
[WhiteTitle "GM"]
[BlackTitle "GM"]
[WhiteElo "2709"]
[BlackElo "2723"]
[WhiteFideId "12401137"]
[BlackFideId "5029465"]
[EventDate "2022.06.08"]

1. d4 Nf6 2. c4 e6 3. Nf3 d5 4. Nc3 c5 5. cxd5 cxd4 6. Qxd4 exd5 7. Bg5 Be7 8.
e3 O-O 9. Rd1 Be6 10. Bd3 h6 11. Bh4 Nc6 12. Qa4 Qb6 13. Rd2 Rfd8 14. O-O Kf8
15. Bb1 Na5 16. Qb5 Nc4 17. Qxb6 axb6 18. Re2 g5 19. Bg3 Bg4 20. h3 Bxf3 21.
gxf3 d4 22. exd4 Rxd4 23. Kg2 Rad8 24. Rc1 Rd2 25. b3 Rxe2 26. Nxe2 Na3 27. Bf5
Nb5 28. Rc8 Rxc8 29. Bxc8 Nd6 30. Bxd6 Bxd6 31. f4 Nd5 32. fxg5 hxg5 33. Kf3 Nb4
34. a4 Bc5 35. Bxb7 Nc2 36. Kg2 Ne1+ 37. Kg3 f5 38. f3 Ke7 39. h4 gxh4+ 40. Kxh4
Kf6 41. f4 Bb4 42. Kg3 Nc2 43. Ba6 Be1+ 44. Kf3 Bd2 45. Bc4 Bb4 46. Ng3 Ne1+ 47.
Kf2 Nc2 48. Ke2 Bd6 49. Kd3 Nb4+ 50. Kc3 Na2+ 51. Kb2 Nb4 52. Ne2 Nc6 53. Kc3
Ne7 54. Kd4 Bc5+ 55. Kd3 Ng6 56. Bd5 Bd6 57. Ke3 Bc5+ 58. Kf3 Bd6 59. Bc4 Nh4+
60. Kf2 Ng6 61. Ke3 Bc5+ 62. Kf3 Bd6 63. Bb5 Nh4+ 64. Kf2 Ng6 65. Ke3 Ke7 66.
Bc6 Bc5+ 67. Kd3 Bd6 68. Kc4 Nxf4 69. Nd4 Kd8 70. Nxf5 Be5 71. b4 Kc7 72. Be4
Bf6 73. Bh1 Ng6 74. Kb5 Ne7 75. Ne3 Bd4 76. Nc2 Bf2 77. Ka6 Nf5 78. b5 Nd4 79.
Nb4 Ne6 80. Ka7 Nc5 81. Na6+ 1/2-1/2

[Event "4th Prague Masters 2022"]
[Site "Prague CZE"]
[Date "2022.06.16"]
[Round "8.2"]
[White "Navara, David"]
[Black "Shankland, Sam"]
[Result "1/2-1/2"]
[WhiteTitle "GM"]
[BlackTitle "GM"]
[WhiteElo "2681"]
[BlackElo "2718"]
[WhiteFideId "309095"]
[BlackFideId "2004887"]
[EventDate "2022.06.08"]

1. d4 d5 2. c4 e6 3. Nf3 Nf6 4. Nc3 c5 5. cxd5 Nxd5 6. e4 Nxc3 7. bxc3 cxd4 8.
cxd4 Bb4+ 9. Bd2 Bxd2+ 10. Qxd2 O-O 11. Bc4 Nd7 12. O-O b6 13. Rad1 Bb7 14. Rfe1
Rc8 15. Bb3 h6 16. h4 Nf6 17. d5 exd5 18. e5 Ne4 19. Qf4 Nc5 20. Nd4 Ne6 21. Qg3
Nxd4 22. Rxd4 Qc7 23. Rg4 f6 24. exf6 Qxg3 25. Rxg3 Rxf6 26. Re7 Rf7 27. Rxb7
Rxb7 28. Bxd5+ Rf7 29. Rf3 Rc7 30. h5 Kf8 31. Bxf7 Rxf7 1/2-1/2

[Event "4th Prague Masters 2022"]
[Site "Prague CZE"]
[Date "2022.06.16"]
[Round "8.3"]
[White "Salem, A.R. Saleh"]
[Black "Harikrishna, Pentala"]
[Result "0-1"]
[WhiteTitle "GM"]
[BlackTitle "GM"]
[WhiteElo "2679"]
[BlackElo "2701"]
[WhiteFideId "9301348"]
[BlackFideId "5007003"]
[EventDate "2022.06.08"]

1. d4 d5 2. c4 c6 3. Nf3 Nf6 4. g3 Bf5 5. Nc3 e6 6. Nh4 Be4 7. f3 Bg6 8. Qb3 Qb6
9. c5 Qxb3 10. axb3 Na6 11. Bf4 Nd7 12. e4 Nb4 13. Ra4 a5 14. exd5 exd5 15. Kd2
Be7 16. Bh3 b5 17. Re1 Nxc5 18. dxc5 bxa4 19. Nxa4 Ra7 20. Nb6 Nd3 21. Rxe7+
Rxe7 22. Bd6 Nb4 23. Ng2 Kd8 24. Nf4 Rhe8 0-1

[Event "4th Prague Masters 2022"]
[Site "Prague CZE"]
[Date "2022.06.16"]
[Round "8.4"]
[White "Anton Guijarro, David"]
[Black "Maghsoodloo, Parham"]
[Result "1/2-1/2"]
[WhiteTitle "GM"]
[BlackTitle "GM"]
[WhiteElo "2692"]
[BlackElo "2716"]
[WhiteFideId "2285525"]
[BlackFideId "12539929"]
[EventDate "2022.06.08"]

1. d4 Nf6 2. c4 e6 3. Nc3 Bb4 4. e3 O-O 5. Bd2 b6 6. Nf3 c5 7. Bd3 cxd4 8. exd4
Ba6 9. Bg5 d5 10. Ne5 Nbd7 11. Nxd7 Qxd7 12. Bxf6 gxf6 13. Qg4+ Kh8 14. Qh4 f5
15. Qf6+ Kg8 16. Qg5+ Kh8 17. Qf6+ Kg8 18. Qg5+ Kh8 19. Qf6+ 1/2-1/2

[Event "4th Prague Masters 2022"]
[Site "Prague CZE"]
[Date "2022.06.16"]
[Round "8.5"]
[White "Nguyen, Thai Dai Van"]
[Black "Vallejo Pons, Francisco"]
[Result "1/2-1/2"]
[WhiteTitle "GM"]
[BlackTitle "GM"]
[WhiteElo "2610"]
[BlackElo "2703"]
[WhiteFideId "358878"]
[BlackFideId "2205530"]
[EventDate "2022.06.08"]

1. Nf3 d5 2. g3 Nd7 3. d4 e6 4. Bg2 Ngf6 5. O-O b5 6. a4 b4 7. c4 bxc3 8. Nxc3
a5 9. Bf4 c6 10. e4 Ba6 11. Re1 Bb4 12. e5 Ng8 13. h4 Ne7 14. h5 h6 15. g4 c5
16. Bf1 cxd4 17. Nxd4 Bxf1 18. Rxf1 Bxc3 19. bxc3 Rc8 20. Qe2 Rc4 21. Rfd1 Nc5
22. Be3 O-O 23. Nb5 Ne4 24. Qxc4 dxc4 25. Rxd8 Rxd8 26. Bb6 Rd2 27. Nd6 Nxd6 28.
exd6 Nc6 29. Bc7 Kf8 30. Rb1 Ke8 31. Rb6 1/2-1/2

[Event "4th Prague Masters 2022"]
[Site "Prague CZE"]
[Date "2022.06.17"]
[Round "9.1"]
[White "Harikrishna, Pentala"]
[Black "Anton Guijarro, David"]
[Result "1-0"]
[WhiteTitle "GM"]
[BlackTitle "GM"]
[WhiteElo "2701"]
[BlackElo "2692"]
[WhiteFideId "5007003"]
[BlackFideId "2285525"]
[EventDate "2022.06.08"]

1. c4 Nf6 2. Nc3 e5 3. Nf3 Nc6 4. g3 Bb4 5. Nd5 Bc5 6. Bg2 d6 7. O-O O-O 8. e3
Bb6 9. d4 Bg4 10. h3 Bxf3 11. Bxf3 exd4 12. Nxb6 axb6 13. exd4 d5 14. c5 bxc5
15. dxc5 h6 16. b3 Re8 17. Bb2 Ne4 18. Re1 Qg5 19. a3 Rad8 20. b4 Ne5 21. Bxe5
Qxe5 22. Bg2 f5 23. f3 Qxg3 24. fxe4 dxe4 25. Qc2 Rd3 26. Qf2 Qg5 27. h4 Qg4 28.
Re3 Rxe3 29. Qxe3 Qxh4 30. Rf1 Re5 31. a4 c6 32. b5 Qe7 33. bxc6 bxc6 34. Bh3 g6
35. Qxh6 Kf7 36. Rb1 e3 37. Qh7+ Kf6 38. Qh4+ Kf7 39. Qxe7+ Kxe7 40. a5 Rxc5 41.
Ra1 Re5 42. a6 e2 43. Kf2 Kd6 44. Ke1 Re8 45. Bg2 Ra8 46. Bf3 Kc7 47. Bxe2 g5
48. Kf2 Kb6 49. Bd3 f4 50. Kf3 Ka7 51. Rb1 Rh8 52. Rb7+ Ka8 53. Rh7 Rb8 54. Kg4
Rb3 55. Rh3 Rb4 56. Kxg5 Ra4 57. Rf3 1-0

[Event "4th Prague Masters 2022"]
[Site "Prague CZE"]
[Date "2022.06.17"]
[Round "9.2"]
[White "Shankland, Sam"]
[Black "Nguyen, Thai Dai Van"]
[Result "1/2-1/2"]
[WhiteTitle "GM"]
[BlackTitle "GM"]
[WhiteElo "2718"]
[BlackElo "2610"]
[WhiteFideId "2004887"]
[BlackFideId "358878"]
[EventDate "2022.06.08"]

1. c4 Nf6 2. Nc3 c5 3. Nf3 e6 4. g3 d5 5. cxd5 exd5 6. d4 Nc6 7. Bg2 cxd4 8.
Nxd4 Bc5 9. Nb3 Bb6 10. Na4 O-O 11. Nxb6 axb6 12. Nd4 Re8 13. b3 b5 14. Bb2 Qa5+
15. Qd2 Qxd2+ 16. Kxd2 Nxd4 17. Bxd4 Ne4+ 18. Kd1 b4 19. Bxe4 dxe4 20. Kd2 Re6
21. Ke3 Rea6 22. Rhd1 Bf5 23. Rd2 h6 24. h4 h5 25. Rb2 Ra5 26. Bb6 Rb5 27. Bc7
Rc8 28. Rc1 f6 29. Rd2 Kf7 30. Rd8 Rxd8 31. Bxd8 Bd7 32. Bc7 Bc6 33. Bd6 Ke6 34.
Bc5 g6 35. Kd4 Ra5 36. Rc2 Rb5 37. Kc4 g5 38. Rd2 gxh4 39. gxh4 Kf5 40. Bxb4 Re5
41. e3 Bb5+ 42. Kc3 Kg4 43. Bd6 Re6 44. Bg3 Bd3 45. a4 Rc6+ 46. Kd4 Bc2 47. a5
Kf5 48. Re2 Bxb3 1/2-1/2